[Event "Sao Paulo IRT op 3rd"]
[Site "Sao Paulo"]
[Date "2013.09.06"]
[Round "2"]
[White "Xavier, Caio Amaral Gurgel"]
[Black "Ribeiro, Allysson"]
[Result "0-1"]
[WhiteElo "1691"]
[BlackElo "1856"]
[PlyCount "78"]
[EventDate "2013.09.06"]
[EventType "swiss"]
[EventRounds "6"]
[EventCountry "BRA"]
[SourceTitle "CBM 156 Extra"]
[Source "ChessBase"]
[SourceDate "2013.10.22"]
[SourceVersion "1"]
[SourceVersionDate "2013.10.22"]
[SourceQuality "1"]

1. d4 d5 2. Nf3 Nc6 3. Bf4 Nf6 4. h3 Bf5 5. c3 e6 6. Nbd2 Bd6 7. Bxd6 cxd6 8. Nh4 Bg6 9. Nxg6 fxg6 10. e3 e5 11. Bd3 0-0 12. 0-0 Rc8 13. Re1 Qb6 14. b3 Qa5 15. b4 Qd8 16. Nb3 Ne4 17. Bxe4 dxe4 18. Qg4 Qf6 19. Rf1 exd4 20. exd4 Qf5 21. Qe2 Ne7 22. Rac1 Nd5 23. Qd2 b6 24. a3 Nf4 25. c4 Nxh3+ 26. gxh3 Qxh3 27. Rc3 Rf3 28. Rxf3 exf3 29. Qg5 Rf8 30. Qg3 Qe6 31. d5 Qe4 32. Nd2 Qd3 33. Rd1 Qe2 34. Rf1 Qxd2 35. Qxd6 h6 36. Qxg6 Rf6 37. Qe8+ Kh7 38. Qe4+ Rg6+ 39. Kh1 Qg5 0-1

[Event "Sao Bernardo do Campo op"]
[Site "Sao Bernardo do Campo"]
[Date "2013.06.30"]
[Round "5"]
[White "Assef, Nathaly Regina Reis"]
[Black "Xavier, Caio Amaral Gurgel"]
[Result "0-1"]
[WhiteElo "1473"]
[BlackElo "1691"]
[PlyCount "78"]
[EventDate "2013.06.28"]
[EventType "swiss"]
[EventRounds "6"]
[EventCountry "BRA"]
[SourceTitle "EXT 2014"]
[Source "ChessBase"]
[SourceDate "2013.11.20"]
[SourceVersion "1"]
[SourceVersionDate "2013.11.20"]
[SourceQuality "1"]

1. c4 e6 2. Nc3 b6 3. Nf3 Bb7 4. g3 Nf6 5. Bg2 c5 6. 0-0 Be7 7. Rb1 0-0 8. a3 Nc6 9. d3 d5 10. cxd5 exd5 11. d4 c4 12. b3 a6 13. bxc4 dxc4 14. a4 Re8 15. e3 Rb8 16. Qe2 Na5 17. Bd2 Bc6 18. Rb2 Ba3 19. Rbb1 b5 20. axb5 axb5 21. Na2 Be4 22. Qe1 Nb3 23. Bb4 Bxb4 24. Nxb4 Qd6 25. Rb2 Nd5 26. Nxd5 Qxd5 27. Qd1 b4 28. Re1 Na5 29. Qa4 b3 30. Nh4 Bxg2 31. Nxg2 c3 32. Nf4 Qa8 33. Rbe2 c2 34. Qa3 b2 35. Rxc2 b1Q 36. Rec1 Qbb7 37. d5 Nb3 38. Qxa8 Qxa8 39. Rd1 Rbd8 0-1

[Event "Sao Bernardo do Campo op"]
[Site "Sao Bernardo do Campo"]
[Date "2013.06.30"]
[Round "6"]
[White "Xavier, Caio Amaral Gurgel"]
[Black "De Souza, Agnes Ferreira"]
[Result "1-0"]
[WhiteElo "1691"]
[BlackElo "1733"]
[PlyCount "69"]
[EventDate "2013.06.28"]
[EventType "swiss"]
[EventRounds "6"]
[EventCountry "BRA"]
[SourceTitle "EXT 2014"]
[Source "ChessBase"]
[SourceDate "2013.11.20"]
[SourceVersion "1"]
[SourceVersionDate "2013.11.20"]
[SourceQuality "1"]

1. d4 d5 2. Nf3 Nc6 3. Bf4 Bf5 4. c3 Nf6 5. h3 e6 6. Nbd2 h6 7. e3 Bd6 8. Bxd6 cxd6 9. Be2 e5 10. dxe5 dxe5 11. Bb5 Qd6 12. 0-0 g5 13. Qb3 Rb8 14. c4 g4 15. Nh4 Bd7 16. cxd5 Nxd5 17. Ne4 Qe6 18. Nc5 Qf6 19. Qxd5 Be6 20. Nxe6 fxe6 21. Bxc6+ bxc6 22. Qxc6+ Kf8 23. Qd6+ Kg7 24. Qc7+ Qf7 25. Qxe5+ Qf6 26. Qxf6+ Kxf6 27. hxg4 Kg5 28. Nf3+ Kxg4 29. Ne5+ Kf5 30. Nf7 Rh7 31. Nd6+ Kg4 32. f3+ Kg3 33. Ne4+ Kh4 34. g3+ Kh3 35. Rf2 1-0

[Event "Sao Bernardo do Campo LXSBC op 4th"]
[Site "Sao Bernardo do Campo"]
[Date "2012.07.15"]
[Round "5"]
[White "Pereira, Daniele Costa"]
[Black "Xavier, Caio Amaral Gurgel"]
[Result "1-0"]
[WhiteElo "1747"]
[BlackElo "1745"]
[PlyCount "191"]
[EventDate "2012.07.13"]
[EventType "swiss"]
[EventRounds "6"]
[EventCountry "BRA"]
[SourceTitle "CBM 149 Extra"]
[Source "ChessBase"]
[SourceDate "2012.08.24"]
[SourceVersion "1"]
[SourceVersionDate "2012.08.24"]
[SourceQuality "1"]

1. d4 d5 2. e3 Nf6 3. Bd3 e6 4. f4 Nbd7 5. Nf3 b6 6. Nbd2 Bd6 7. Ne5 0-0 8. 0-0 Bb7 9. Rf3 c5 10. c3 cxd4 11. cxd4 Rc8 12. Rh3 h6 13. Qf3 Re8 14. Qg3 h5 15. Ndf3 Nf8 16. Ng5 Re7 17. Ngxf7 Rxf7 18. Nxf7 Kxf7 19. Qg5 g6 20. Rg3 Ne4 21. Qxd8 Rxd8 22. Rf3 Nh7 23. Bxe4 dxe4 24. Rf2 Nf6 25. Rc2 Nd5 26. a3 Ba6 27. h4 Kf6 28. Kh2 Kf5 29. Kh3 Bd3 30. Rf2 Rc8 31. b4 Nf6 32. Rb2 a6 33. Bd2 Ng4 34. Kg3 Rc2 35. Rxc2 Bxc2 36. Rc1 Ba4 37. Rc8 Bb5 38. Ra8 Bc7 39. a4 Bxa4 40. Rxa6 Bb5 41. Ra7 Bd8 42. Ra8 Bc7 43. Rf8+ Nf6 44. Bc3 Bd6 45. Rf7 Be8 46. Rb7 b5 47. Ra7 Nd5 48. Ra8 Nxc3 49. Rxe8 Bxb4 50. Rb8 Bd6 51. Rb7 Kf6 52. Kf2 b4 53. Ke1 Kf5 54. Kd2 Kg4 55. Rb6 Bf8 56. Rxe6 Kf5 57. Re5+ Kg4 58. Rg5+ Kxh4 59. Rxg6 Nd5 60. Rg5 Nf6 61. Kc2 Ng4 62. Kd2 Be7 63. g3+ Kxg3 64. Rxh5 Kf3 65. f5 Nxe3 66. Rh3+ Kf4 67. Rxe3 Kxf5 68. Rb3 Ke6 69. Ke3 Kd5 70. Rb1 Bg5+ 71. Ke2 Kc4 72. Rd1 Kc3 73. d5 Bf4 74. d6 Bg5 75. d7 b3 76. d8Q Bxd8 77. Rxd8 b2 78. Rc8+ Kd4 79. Rb8 e3 80. Rxb2 Ke4 81. Rb3 Kd4 82. Rxe3 Kd5 83. Kd3 Kc5 84. Re4 Kd5 85. Re3 Kd6 86. Re4 Kc6 87. Re5 Kd6 88. Kd4 Kc6 89. Rd5 Kc7 90. Ke5 Kc6 91. Ke6 Kc7 92. Rd6 Kb7 93. Kd7 Kb8 94. Rc6 Kb7 95. Rd6 Kb8 96. Rb6+ 1-0

[Event "Sao Bernardo do Campo LXSBC op 4th"]
[Site "Sao Bernardo do Campo"]
[Date "2012.07.14"]
[Round "4"]
[White "Xavier, Caio Amaral Gurgel"]
[Black "Nikolic, Jovane"]
[Result "0-1"]
[WhiteElo "1745"]
[BlackElo "1695"]
[PlyCount "72"]
[EventDate "2012.07.13"]
[EventType "swiss"]
[EventRounds "6"]
[EventCountry "BRA"]
[SourceTitle "CBM 149 Extra"]
[Source "ChessBase"]
[SourceDate "2012.08.24"]
[SourceVersion "1"]
[SourceVersionDate "2012.08.24"]
[SourceQuality "1"]

1. d4 Nf6 2. Nf3 g6 3. Bf4 d6 4. e3 Bg7 5. Bd3 0-0 6. 0-0 h6 7. h3 b6 8. Nbd2 Bb7 9. Re1 Nbd7 10. c3 Re8 11. e4 Nh5 12. Bh2 e5 13. d5 c6 14. c4 cxd5 15. cxd5 Nc5 16. Bc2 a5 17. a3 a4 18. Rc1 Qf6 19. Nc4 b5 20. Ne3 Nf4 21. Bxf4 exf4 22. Ng4 Qxb2 23. Rb1 Qxa3 24. Rxb5 Ba6 25. Ra5 Kh7 26. Bxa4 Bc3 27. Bxe8 Bxa5 28. Bc6 Rb8 29. Nd2 Rb2 30. Nb1 Qa2 31. Nd2 Rxd2 32. Qf3 Nd3 33. Rd1 Rxd1+ 34. Qxd1 Bb6 35. Nf6+ Kg7 36. Ne8+ Kh8 0-1